المتاحف المصرية
محفوظ في:
المؤلف الرئيسي:
التنسيق: كتاب
اللغة: Undetermined
منشور في:
Qaliub :
Alahram Altwgaria,
2004.
الوسوم: إضافة وسم
لا توجد وسوم, كن أول من يضع وسما على هذه التسجيلة!
رقم الطلب: AM79.4 .B34
| LEADER | 00396nam a2200133Ia 4500 | ||
|---|---|---|---|
| 008 | 240329s9999||||xx |||||||||||||| ||und|| | ||
| 020 | |a 9773057836 | ||
| 050 | 4 | |a AM79.4 .B34 | |
| 100 | 1 | |a صلاح أحمد البهنسى. | |
| 245 | 1 | 0 | |a المتاحف المصرية |c صلاح أحمد البهنسى |
| 264 | 1 | |a Qaliub : |b Alahram Altwgaria, |c 2004. | |
| 300 | |a 205 |c 24 cm | ||
| 942 | |2 lcc |c BK | ||
| 999 | |c 57674 |d 57674 | ||
